LEADER 01925nam0 22004333i 450 001 VAN0254021 005 20230522113543.150 017 70$2N$a9781468491593 100 $a20230202d1985 |0itac50 ba 101 $aeng 102 $aUS 105 $a|||| ||||| 200 1 $aManifolds of Nonpositive Curvature$fWerner Ballmann, Mikhael Gromov, Viktor Schroeder 210 $aBoston$cBirkhäuser$cSpringer$d1985 215 $av, 266 p.$cill.$d24 cm 410 1$1001VAN0029329$12001 $aProgress in mathematics$1210 $aBoston [etc.]$cBirkhäuser$v61 606 $a53-XX$xDifferential geometry [MSC 2020]$3VANC019813$2MF 606 $a53C35$xDifferential geometry of symmetric spaces [MSC 2020]$3VANC020714$2MF 606 $a53C20$xGlobal Riemannian geometry, including pinching [MSC 2020]$3VANC023825$2MF 610 $aCurvature$9KW:K 610 $aIsometrie$9KW:K 610 $aManifolds$9KW:K 610 $aMetric spaces$9KW:K 620 $dBoston$3VANL000051 700 1$aBallmann$bWerner$3VANV095906$0471658 701 1$aGromov$bMikhael L.$3VANV040708$041622 701 1$aSchroeder$bViktor$3VANV207124$01276555 712 $aBirkhäuser $3VANV108193$4650 712 $aSpringer $3VANV108073$4650 790 1$aGromov, Misha$zGromov, Mikhael L.$3VANV096173 790 1$aGromov, Mikhaïl$zGromov, Mikhael L.$3VANV096174 801 $aIT$bSOL$c20240614$gRICA 856 4 $uhttps://doi.org/10.1007/978-1-4684-9159-3$zE-book ? Accesso al full-text attraverso riconoscimento IP di Ateneo, proxy e/o Shibboleth 899 $aBIBLIOTECA DEL DIPARTIMENTO DI MATEMATICA E FISICA$1IT-CE0120$2VAN08 912 $fN 912 $aVAN0254021 950 $aBIBLIOTECA DEL DIPARTIMENTO DI MATEMATICA E FISICA$d08CONS e-book 5166 $e08eMF5166 20230210 996 $aManifolds of Nonpositive Curvature$93008090 997 $aUNICAMPANIA LEADER 02754nam0 2200517 i 450 001 VAN00114453 005 20241121091919.600 017 70$2N$a9783319315935 100 $a20180205d2016 |0itac50 ba 101 $aeng 102 $aCH 105 $a|||| ||||| 200 1 $aArthur's invariant trace formula and comparison of inner forms$fYuval Z. Flicker 210 $a[Basel]$cBirkhäuser$cSpringer$d2016 215 $aXI, 567 p.$cill.$d24 cm 500 1$3VAN00241971$aArthur's invariant trace formula and comparison of inner forms$91523168 606 $a11F41$xAutomorphic forms on $\mbox{GL}(2)$; Hilbert and Hilbert-Siegel modular groups and their modular and automorphic forms; Hilbert modular surfaces [MSC 2020]$3VANC021842$2MF 606 $a11F70$xRepresentation-theoretic methods; automorphic representations over local and global fields [MSC 2020]$3VANC021444$2MF 606 $a11F72$xSpectral theory; trace formulas (e.g., that of Selberg) [MSC 2020]$3VANC025100$2MF 606 $a11M36$xSelberg zeta functions and regularized determinants; applications to spectral theory, Dirichlet series, Eisenstein series, etc. (explicit formulas) [MSC 2020]$3VANC033153$2MF 606 $a22E55$xRepresentations of Lie and linear algebraic groups over global fields and adèle rings [MSC 2020]$3VANC029214$2MF 606 $a22E57$xGeometric Langlands program: representation-theoretic aspects [MSC 2020]$3VANC033877$2MF 610 $aArthur's Invariant Trace Formula$9KW:K 610 $aAutomorphic representations$9KW:K 610 $aEisenstein Series$9KW:K 610 $aInvariant Distributions$9KW:K 610 $aMatrix theory$9KW:K 610 $aNormalizing Factors$9KW:K 610 $aOrbital Integrals$9KW:K 610 $aReductive Groups$9KW:K 610 $aRepresentation Theory$9KW:K 620 $aCH$dBasel$3VANL002076 700 1$aFlicker$bYuval Z.$3VANV088540$0441516 712 $aBirkhäuser $3VANV108193$4650 712 $aSpringer $3VANV108073$4650 790 1$aFlicker, Yuval Zvi$zFlicker, Yuval Z.$3VANV236546 790 1$aFlicker, Y. Z.$zFlicker, Yuval Z.$3VANV236547 790 1$aFlicker, Y.Z.$zFlicker, Yuval Z.$3VANV236548 801 $aIT$bSOL$c20250912$gRICA 856 4 $uhttp://dx.doi.org/10.1007/978-3-319-31593-5$zE-book ? Accesso al full-text attraverso riconoscimento IP di Ateneo, proxy e/o Shibboleth 899 $aBIBLIOTECA CENTRO DI SERVIZIO SBA$2VAN15 912 $fN 912 $aVAN00114453 950 $aBIBLIOTECA CENTRO DI SERVIZIO SBA$d15CONS SBA EBOOK 2134 $e15EB 2134 20180205 996 $aArthur's invariant trace formula and comparison of inner forms$91523168 997 $aUNICAMPANIA